Historic buildings and fire safety (Record no. 112249)

MARC details
000 -LEADER
fixed length control field 00956cad a22002175a 4500
001 - CONTROL NUMBER
control field L152892
008 - FIXED-LENGTH DATA ELEMENTS--GENERAL INFORMATION
fixed length control field 110511s2011 xxk f 000 0 eng d
035 ## - SYSTEM CONTROL NUMBER
System control number (Sirsi) u152892
041 0# - LANGUAGE CODE
Language code of text/sound track or separate title eng
110 0# - MAIN ENTRY--CORPORATE NAME
Corporate name or jurisdiction name as entry element Chiltern International Fire
9 (RLIN) 5946
245 00 - TITLE STATEMENT
Title Historic buildings and fire safety
Medium [electronic resource]
260 ## - PUBLICATION, DISTRIBUTION, ETC.
Place of publication, distribution, etc. High Wycombe
Name of publisher, distributor, etc. CFI
Date of publication, distribution, etc. [2011?]
490 #0 - SERIES STATEMENT
Series statement Technical Information
Volume/sequential designation (TI-1110)
520 ## - SUMMARY, ETC.
Summary, etc. Provides guidance on each stage of a fire risk assessment and fire safety plan for historic buildings; an overview of issues to address.
590 ## - LOCAL NOTE (RLIN)
Local note KA NTK
651 #4 - SUBJECT ADDED ENTRY--GEOGRAPHIC NAME
Geographic name United Kingdom
Chronological subdivision
690 ## - LOCAL SUBJECT ADDED ENTRY--TOPICAL TERM (OCLC, RLIN)
Topical term or geographic name as entry element MANAGEMENT-HEALTH AND SAFETY-FIRE SAFETY-FIRE RISK ASSESSMENT
690 ## - LOCAL SUBJECT ADDED ENTRY--TOPICAL TERM (OCLC, RLIN)
Topical term or geographic name as entry element BUILT ENVIRONMENT-BUILDING TYPES-ANCIENT MONUMENTS AND HISTORIC BUILDINGS
856 40 - ELECTRONIC LOCATION AND ACCESS
Uniform Resource Identifier <a href="https://www.chilternfire.co.uk/document/ti-1110-historic-buildings-and-fire-safety.pdf">https://www.chilternfire.co.uk/document/ti-1110-historic-buildings-and-fire-safety.pdf</a>
Public note View this item free of charge at www.chilternfire.co.uk
942 ## - ADDED ENTRY ELEMENTS (KOHA)
Suppress in OPAC 0
Holdings
Withdrawn status Lost status Source of classification or shelving scheme Damaged status Not for loan Home library Current library Shelving location Date acquired Total Checkouts Full call number Barcode Date last seen Copy number Price effective from Koha item type
    Dewey Decimal Classification     Virtual Virtual Online 11/05/2011   ONLINE PUBLICATION 152892-2001 06/08/2019 1 06/08/2019 Book